00398 a2200133 4500001001000000005001700010008004100027245004400068100002300112700002600135700001500161773007100176999001700247ART_4678720260410162000.0260409a 10aEl manejo alemán de la crisis europea1 aTaccetti, Victorio1 aAzpiazu, Luis Alfredo1 aFuhr, Luis0 tArchivos del presenteg- Año 16, Nº 57/58 (ene. 2012)wREV28180 c31173d31173